| 000 | 00914nam a2200181Ia 4500 | ||
|---|---|---|---|
| 008 | 151202s9999||||xx |||||||||||||| ||und|| | ||
| 082 | _bPNVM-68702 | ||
| 100 | _aगावित माहेश्वरी. | ||
| 245 | _aमहाराष्ट्रातील आदिवासी मराठी साहित्य एक शोध. | ||
| 260 | _b"दास्ताने रामचंद्र आणि कंपनी ,पुणे." | ||
| 260 | _c68702 | ||
| 300 | _a565 | ||
| 600 | _aगावित माहेश्वरी. | ||
| 630 | _aमहाराष्ट्रातील आदिवासी मराठी साहित्य एक शोध. | ||
| 700 | _aगावित माहेश्वरी. | ||
| 730 | _aमहाराष्ट्रातील आदिवासी मराठी साहित्य एक शोध. | ||
| 942 | _cBOOK | ||
| 999 |
_c1335212 _d1335209 |
||